| 000 | 00825nam a22003137a 4500 | ||
|---|---|---|---|
| 003 | PILC | ||
| 005 | 20150827094446.0 | ||
| 008 | 121211t xxu||||| |||| 00| 0 eng d | ||
| 020 | _a9718711066 | ||
| 050 |
_aDS 668 _b.Ag275 1990 |
||
| 082 |
_aFIL 959.9 _bAg7 1990 |
||
| 100 | _aAgoncillo, Teodoro A. | ||
| 245 |
_aHistory of the Filipino people / _cAgoncillo, Teodoro A. |
||
| 250 | _a8th edition. | ||
| 260 |
_aQuezon city : _bGAROTECH Publishing, _c1990. |
||
| 300 |
_axii, 637 pages : _c23 cm. _billustrations ; |
||
| 500 | _aIncludes index. | ||
| 526 | _c1210L-1700L | ||
| 562 | _e6 | ||
| 650 | _aHistory (Filipino). | ||
| 650 |
_aHistory _zPhilippines. |
||
| 942 |
_2lcc _cBK _kFIL |
||
| 999 |
_c284013 _d284013 |
||